• 首页
  • 本馆介绍
  • 公告通知
  • 最新文献
  • 馆藏检索
  • 电子资源
  • 读者导购
  • 参考咨询
  • 我的图书馆
  • 登录
  • 详细信息显示
  • 放入我的书架
  • 预约/预借图书
  • 作者相关作品
  • 分类相关作品
  • 丛书相关作品
  • 出版社相关作品

书目信息

  • 表格格式
  • 工作单格式
  • 卡片格式
题名:
中国结艺
    
 
作者: 张青青 编著
分册: 3  
出版信息: 广州   广州出版社  2001
页数: 92页
开本: 21cm
丛书名:
单 册:
中图分类: J523.4
科图分类:
主题词: 工艺美术--中国 , 编织--工艺美术--技法(美术)--中国
电子资源:
ISBN: 7-80655-261-8
000 00591nam0 2200205 45
001 0304230136
005 20031219104109.7
010    @a7-80655-261-8@dCNY12.80
100    @a20030423d2001 km y0chiy0120 ea
101 0  @achi
105    @aa z 000yy
200 1  @a中国结艺@h3@AZhong Guo Jie Yi@f张青青编著@FZhang Qing Qing Bian Zhu
210    @a广州@c广州出版社@d2001
215    @a92页@c彩图@d21cm
606 0  @a工艺美术@x中国
606 0  @a编织@x工艺美术@x技法(美术)@y中国
690    @aJ523.4@v4
701  0 @a张青青@4编著
801    @aCN@bTSTC@c20030423
905    @b323190-194@dJ523.4@e75:3@f5
    
    中国结艺.3/张青青编著.-广州:广州出版社,2001
    92页:彩图;21cm
    
    
    ISBN 7-80655-261-8:CNY12.80
    
●
相关链接 在E读中查询图书 在五车中查询图书 在当当中查询图书 在豆瓣中查询图书


正题名:中国结艺     索取号:J523.4/75:3         预约/预借

序号 登录号 条形码 馆藏地/架位号 状态 备注
1 0323190   203231902   密集书库/ [索取号:J523.4/75:3] 在馆    
2 0323191   203231911   第一借阅区/ [索取号:J523.4/75:3] 在馆    
3 0323192   203231920   第一借阅区/ [索取号:J523.4/75:3] 在馆    
4 0323193   203231939   第一借阅区/ [索取号:J523.4/75:3] 在馆    
5 0323194   203231948   第一样本阅览室/ [索取号:J523.4/75:3] 在馆    
唐山师范学院图书馆 欢迎您!
大连网信软件有限公司© 版权所有